Návrh metodiky tvorby systému integrovaného riadenia výroby

Uložené v:
Podrobná bibliografia
Hlavný autor: Hudák, Ján, 1988- (Autor)
Ďalší autori: Makyšová, Helena (Vedúci práce)
Médium: Diplomová práca Kniha
Jazyk:Slovak
Vydavateľské údaje: 2015
Predmet:
On-line prístup:http://is.stuba.sk/zp/portal_zp.pl?podrobnosti=101498
Tagy: Pridať tag
Žiadne tagy, Buďte prvý, kto otaguje tento záznam!

MARC

LEADER 00000ntm a22000003a 4500
001 stuzp35714
003 SK-STU
005 20160719152959.9
007 ta
008 150427s2015----xo-----f-mn---000-0-slo-d
040 |a STU  |b slo 
041 0 |a slo 
100 1 |a Hudák, Ján,  |d 1988-  |u M4000  |4 aut  |r Z3  |9 100  |U MTF Materiálovotechnologická fakulta  |T MTF Ústav priemyselného inžinierstva a manažmentu  |X 48284  |U M4000  |Y 84  |7 A000048284 
242 0 1 |a The proposal of system of integrated management of manufacturing  |y eng 
245 1 0 |a Návrh metodiky tvorby systému integrovaného riadenia výroby 
260 |c 2015 
300 |a 136 s. + príl.,  |e 1 CD-ROM, autoreferát 
500 |a Študijný program: priemyselné manažérstvo 
500 |a Číslo študijného odboru: 2645 
500 |a Názov študijného odboru: 5.2.52 priemyselné inžinierstvo 
502 |a Dizertačná práca (PhD.) - STU MTF v Trnave UPIM, 2015 
650 4 |a riadenie  |2 slo 
650 4 |a integrácia  |2 slo 
650 4 |a výroba  |2 slo 
650 4 |a management  |2 eng 
650 4 |a integration  |2 eng 
650 4 |a manufacturing  |2 eng 
700 1 |a Makyšová, Helena  |4 ths  |X 2772  |7 A000002772 
856 4 |u http://is.stuba.sk/zp/portal_zp.pl?podrobnosti=101498 
996 |b .  |c M* DzP-475  |l MMSKP  |s P  |a 0  |w stuzp35714_0001 
SQL |a stuzp35714  |b DDZ  |c SLO  |d Návrh metodiky tvorby systému integrovaného riadenia výroby  |e 48284  |f Hudák, Ján  |g 064000  |h 2772  |i Makyšová, Helena  |j 20150825  |k 199  |l 06  |m http://is.stuba.sk/zp/portal_zp.pl?podrobnosti=101498  |n D-PMA  |o 5.2.52. priemyselné inžinierstvo